[Event "XIII ECC fem"]
[Site "Kallithea GRE"]
[Date "2008.10.23"]
[Round "7"]
[White "Koneru, H."]
[Black "Muzychuk, A."]
[Result "1/2-1/2"]
[WhiteElo "2618"]
[BlackElo "2508"]
[PlyCount "70"]
[EventDate "2008.10.17"]
[Source "www.chesslib.no"]
[SourceDate "2004.05.04"]

1. d4 f5 2. c4 Nf6 3. Nf3 g6 4. g3 Bg7 5. b4 c6 6. Bg2 a5 7. b5 cxb5 8. cxb5 a4 9. O-O d6 10. Qd3 Nbd7 11. Nc3 Nb6 12. Bd2 Be6 13. d5 Bg8 14. Ng5 Nbd7 15. Be3 Ne5 16. Qd1 Qd7 17. Rb1 a3 18. Qb3 Bh6 19. f4 Bxg5 20. fxg5 Ne4 21. Nxe4 fxe4 22. Rf4 Bf7 23. Bxe4 O-O 24. Bd4 Qc7 25. Bg2 Qa5 26. Rbf1 Qd2 27. Bxe5 dxe5 28. Rxf7 Rxf7 29. d6 e6 30. Qxe6 Qd4+ 31. Kh1 Raf8 32. Bd5 Kh8 33. Rxf7 Qd1+ 34. Kg2 Qxe2+ 35. Kh3 Qh5+ 1/2-1/2

[Event "Corus C"]
[Site "Wijk aan Zee NED"]
[Date "2008.01.26"]
[Round "12"]
[White "Peng Zhaoqin"]
[Black "Reinderman, D."]
[Result "1/2-1/2"]
[WhiteElo "2461"]
[BlackElo "2533"]
[PlyCount "122"]
[EventDate "2008.01.12"]
[Source "www.chesslib.no"]
[SourceDate "2004.05.04"]

1. d4 f5 2. c4 Nf6 3. Nf3 g6 4. b4 Bg7 5. Bb2 O-O 6. e3 d6 7. Nbd2 e6 8. Qc2 Qe7 9. Be2 c5 10. bxc5 dxc5 11. O-O b6 12. Ne5 Bb7 13. Bf3 Rc8 14. dxc5 Bxf3 15. Ndxf3 Qxc5 16. Rfd1 Nc6 17. Rac1 Nxe5 18. Bxe5 Qe7 19. Qa4 Rd8 20. h3 Ne4 21. Rd4 Nc5 22. Qa3 Rd7 23. Rcd1 Rad8 24. R1d2 h6 25. Qb4 g5 26. Qb5 Rxd4 27. exd4 Ne4 28. Rd3 Qd7 29. Qb2 g4 30. Bxg7 Qxg7 31. Ne5 g3 32. fxg3 Nxg3 33. Nf3 Ne4 34. Qe2 Qf6 35. Kh2 Rd7 36. Qe3 Rc7 37. Qf4 Qg7 38. d5 exd5 39. Rxd5 Rf7 40. Nd4 Qg5 41. Qxg5+ hxg5 42. Nxf5 Kh7 43. Ng3 Nxg3 44. Kxg3 Kg6 45. c5 bxc5 46. Rxc5 Rf6 47. a4 a6 48. a5 Rd6 49. Kg4 Rd4+ 50. Kf3 Rd3+ 51. Ke2 Ra3 52. Rc6+ Kf5 53. Rxa6 Kf4 54. Ra8 Kg3 55. a6 Kxg2 56. a7 Kg3 57. h4 Ra2+ 58. Ke3 Ra3+ 59. Ke4 Ra4+ 60. Ke3 Ra3+ 61. Ke2 Ra2+ 1/2-1/2

[Event "Muenster Open"]
[Site "Muenster GER"]
[Date "1990.??.??"]
[Round "5"]
[White "Aseev, Konstantin N"]
[Black "Chuchelov, Vladimir"]
[Result "1-0"]
[WhiteElo "2545"]
[BlackElo "2345"]
[PlyCount "107"]
[EventDate "1990.??.??"]
[Source "www.chesslib.no"]
[SourceDate "2004.05.04"]

1. d4 f5 2. c4 Nf6 3. Nf3 e6 4. e3 d5 5. Be2 c6 6. O-O Bd6 7. b3 Qe7 8. a4 a5 9. Ba3 Bxa3 10. Nxa3 O-O 11. Nc2 Ne4 12. Nce1 Bd7 13. Nd3 Be8 14. Nfe5 Nd7 15. Nxd7 Bxd7 16. f3 Nd6 17. Qc2 Rf6 18. Qc3 Rh6 19. Rf2 g5 20. Re1 g4 21. g3 gxf3 22. Bxf3 Be8 23. Nf4 Bd7 24. Rg2 Kh8 25. Kh1 Nf7 26. Rb2 Rg8 27. Kg1 Qd8 28. Bg2 Bc8 29. Rc1 Nd6 30. Qe1 Rf6 31. cxd5 exd5 32. Rc5 Re8 33. Rxa5 b6 34. Ra7 Bb7 35. a5 bxa5 36. Rxa5 Qb6 37. Ra1 Rf7 38. Qd2 Rfe7 39. Re1 c5 40. dxc5 Qxc5 41. Nxd5 Ne4 42. Bxe4 Rxe4 43. Qc3+ Qxc3 44. Nxc3 Rxe3 45. Rxe3 Rxe3 46. Ne2 Kg7 47. b4 Kf6 48. Nf4 Kg5 49. b5 h5 50. Rb4 Be4 51. b6 Re1+ 52. Kf2 Rh1 53. h4+ Kg4 54. Nd5 1-0

[Event "AZE-ch"]
[Site "Baku"]
[Date "1997.??.??"]
[Round "?"]
[White "Sideif Sade, Fikret I"]
[Black "Guliev, Sarhan"]
[Result "1-0"]
[WhiteElo "2435"]
[BlackElo "2425"]
[PlyCount "57"]
[EventDate "1997.??.??"]
[Source "www.chesslib.no"]
[SourceDate "2004.05.04"]

1. d4 f5 2. c4 Nf6 3. Nf3 e6 4. Qc2 c6 5. Nc3 d5 6. Bf4 Be7 7. e3 O-O 8. Bd3 Ne4 9. h3 Nd7 10. Ne5 Ndf6 11. O-O g5 12. Bh2 Qe8 13. Bxe4 dxe4 14. Qb3 b6 15. a4 Bd8 16. f3 exf3 17. Rxf3 c5 18. d5 exd5 19. cxd5 Bc7 20. Nc4 g4 21. Bxc7 gxf3 22. gxf3 f4 23. Bxf4 Nh5 24. Kf2 Nxf4 25. exf4 Rxf4 26. Rg1+ Kf8 27. Ne2 Rf6 28. Qc3 Qd8 29. Nf4 1-0

[Event "09.OIBayEM Bad Wiessee op"]
[Site "?"]
[Date "2005.10.31"]
[Round "3"]
[White "Postny Evgeny"]
[Black "Salvermoser Bernd"]
[Result "1-0"]
[WhiteElo "2571"]
[BlackElo "2266"]
[PlyCount "107"]
[EventDate "2005.??.??"]
[Source "www.chesslib.no"]
[SourceDate "2004.05.04"]

1. d4 f5 2. c4 Nf6 3. Nf3 e6 4. Bg5 b6 5. Nbd2 h6 6. Bxf6 Qxf6 7. e3 Bb7 8. Bd3 g5 9. O-O g4 10. Ne1 Bd6 11. f4 c5 12. Nc2 Nc6 13. d5 exd5 14. cxd5 Nb4 15. Nxb4 cxb4 16. Kh1 Bxd5 17. e4 Qd4 18. Qe2 fxe4 19. Nxe4 Bxe4 20. Bxe4 Rb8 21. Rad1 Qf6 22. Qxg4 Kd8 23. Rd3 Re8 24. Bf5 Re7 25. Rfd1 Rc8 26. Qg8+ Kc7 27. Rxd6 Qxf5 28. Qc4+ Qc5 29. Qd3 Rd8 30. h3 h5 31. Rd5 Qf2 32. Rxh5 Qxf4 33. Rf5 Qe4 34. Qd6+ Kb7 35. Rf4 Qe2 36. Rc1 Rc8 37. Qd5+ Kb8 38. Rxc8+ Kxc8 39. Qa8+ Kc7 40. Qxa7+ Kc6 41. Qa8+ Kc7 42. Qa7+ Kc6 43. Qa4+ Kc7 44. Qxb4 Qe1+ 45. Qxe1 Rxe1+ 46. Kh2 d5 47. h4 Re2 48. h5 Rxb2 49. h6 Rxa2 50. h7 Ra8 51. g4 Rh8 52. Rf7+ Kd6 53. g5 Ke6 54. g6 1-0

[Event "Elekes Memorial"]
[Site "Budapest HUN"]
[Date "1996.??.??"]
[Round "2"]
[White "Lorincz, Istvan"]
[Black "Danner, Georg"]
[Result "1/2-1/2"]
[WhiteElo "2375"]
[BlackElo "2390"]
[PlyCount "54"]
[EventDate "1996.??.??"]
[Source "www.chesslib.no"]
[SourceDate "2004.05.04"]

1. d4 f5 2. c4 Nf6 3. Bg5 Ne4 4. Bf4 e6 5. a3 Be7 6. Nd2 O-O 7. Nxe4 fxe4 8. e3 d5 9. Qc2 c6 10. O-O-O Bd7 11. f3 exf3 12. Nxf3 Be8 13. Bd3 h6 14. g4 Bd6 15. Ne5 Bxe5 16. Bxe5 Nd7 17. Bd6 Rf7 18. Bg6 Rf3 19. Bxe8 Qxe8 20. Bf4 e5 21. dxe5 Nxe5 22. Qg2 Rxf4 23. exf4 Nxc4 24. Rhe1 Qg6 25. h4 Rf8 26. Qg3 Qf6 27. Re2 Qxf4+ 1/2-1/2

[Event "Hungary HUN"]
[Site "?"]
[Date "2006.04.23"]
[Round "11"]
[White "Izsak Gyula"]
[Black "Mihalko Jozsef"]
[Result "1/2-1/2"]
[WhiteElo "2434"]
[BlackElo "2303"]
[PlyCount "58"]
[EventDate "2006.??.??"]
[Source "www.chesslib.no"]
[SourceDate "2004.05.04"]

1. d4 f5 2. c4 Nf6 3. Nf3 e6 4. g3 Bb4+ 5. Nbd2 b6 6. Bg2 Bb7 7. a3 Bxd2+ 8. Bxd2 Be4 9. O-O O-O 10. Bc3 Qe8 11. Rc1 d6 12. d5 e5 13. Ng5 Bxg2 14. Kxg2 Qg6 15. Ne6 Rf7 16. e3 Ne4 17. f3 Ng5 18. Nxg5 Qxg5 19. f4 exf4 20. exf4 Qd8 21. Re1 Nd7 22. b4 Nf6 23. Bxf6 Qxf6 24. Qd2 Re7 25. Rxe7 Qxe7 26. Re1 Qd7 27. Qe2 Kf8 28. Qd3 Re8 29. Rxe8+ Kxe8 1/2-1/2

[Event "FRA Team Ch"]
[Site "France"]
[Date "1991.??.??"]
[Round "?"]
[White "Chevallier, Didier"]
[Black "Conquest, Stuart"]
[Result "0-1"]
[WhiteElo "2260"]
[BlackElo "2460"]
[PlyCount "72"]
[EventDate "1991.??.??"]
[Source "www.chesslib.no"]
[SourceDate "2004.05.04"]

1. d4 f5 2. c4 Nf6 3. Nf3 e6 4. g3 Bb4+ 5. Nbd2 b6 6. Bg2 Bb7 7. O-O O-O 8. Qb3 a5 9. Re1 Qe8 10. a3 Bxd2 11. Bxd2 Qh5 12. Bf4 Na6 13. Rad1 h6 14. Bd2 g5 15. Ne5 Bxg2 16. Kxg2 d6 17. Nf3 Rf7 18. c5 Nd5 19. cxd6 cxd6 20. Qb5 Nac7 21. Qc6 Rd8 22. Rc1 Ne8 23. Qb5 Nef6 24. Rc6 Ne4 25. Qd3 Rff8 26. Rec1 Qf7 27. Be1 Kh8 28. Kh1 Rg8 29. Ng1 g4 30. f3 Nef6 31. e4 fxe4 32. fxe4 Qg6 33. Ne2 Nxe4 34. Kg2 Rdf8 35. Ng1 Nf2 36. Qe2 Nd3 0-1

[Event "Turin ITA"]
[Site "?"]
[Date "2006.05.22"]
[Round "2"]
[White "Peng Zhaoqin"]
[Black "Titova Boric Elena"]
[Result "0-1"]
[WhiteElo "2395"]
[BlackElo "2284"]
[PlyCount "88"]
[EventDate "2006.??.??"]
[Source "www.chesslib.no"]
[SourceDate "2004.05.04"]

1. d4 f5 2. c4 Nf6 3. Nf3 g6 4. e3 Bg7 5. b4 O-O 6. Bb2 d6 7. Nbd2 Qe8 8. Qc2 Nbd7 9. c5 c6 10. Be2 d5 11. Ne5 Nxe5 12. dxe5 Ng4 13. Nf3 Kh8 14. h3 Nh6 15. Nd4 f4 16. Qd2 Qf7 17. Nf3 fxe3 18. Qxe3 Nf5 19. Qb3 Nh4 20. Kf1 Qf4 21. Re1 Be6 22. Qc3 Nxf3 23. Bxf3 a5 24. bxa5 Qa4 25. a3 Rxa5 26. Kg1 Rb5 27. Bd1 Qa5 28. g3 Rxc5 29. Qe3 Rc4 30. Kg2 Re4 31. Qc3 Qb6 32. Qd2 Bf5 33. g4 Rxe1 34. Rxe1 Be6 35. f4 c5 36. Bf3 Qb3 37. Bc1 d4 38. Rd1 Bd5 39. Bxd5 Qxd5+ 40. Kg3 g5 41. fxg5 Bxe5+ 42. Kh4 Bf4 43. Qxf4 Rxf4 44. Bxf4 e5 0-1

[Event "Independence Cup"]
[Site "?"]
[Date "2003.08.23"]
[Round "11"]
[White "Dziadyk Pavel"]
[Black "Panchenko Alexandar G"]
[Result "1/2-1/2"]
[WhiteElo "2261"]
[BlackElo "2402"]
[PlyCount "59"]
[EventDate "2003.??.??"]
[Source "www.chesslib.no"]
[SourceDate "2004.05.04"]

1. d4 f5 2. c4 Nf6 3. Nf3 e6 4. Qc2 d5 5. Bf4 c6 6. e3 Be7 7. Bd3 O-O 8. Nc3 Ne4 9. g4 Bb4 10. Kf1 Bxc3 11. bxc3 fxg4 12. Bxe4 dxe4 13. Ne5 Qh4 14. Qxe4 Nd7 15. Bg3 Qh3+ 16. Qg2 Qxg2+ 17. Kxg2 Nxe5 18. Bxe5 Rf3 19. h3 Rxh3 20. Rxh3 gxh3+ 21. Kxh3 b6 22. c5 bxc5 23. dxc5 Ba6 24. Rd1 Rf8 25. f4 Bc4 26. a3 g5 27. Rd7 Rf7 28. Rd8+ Rf8 29. Rd7 Rf7 30. Rd8+ 1/2-1/2

[Event "Bundesliga (w) 2005/06 rounds 1-5"]
[Site "?"]
[Date "2005.11.20"]
[Round "4.1"]
[White "Kludacz Magdalena"]
[Black "Cmilyte Viktorija"]
[Result "1-0"]
[WhiteElo "2167"]
[BlackElo "2480"]
[PlyCount "77"]
[EventDate "2005.??.??"]
[Source "www.chesslib.no"]
[SourceDate "2004.05.04"]

1. d4 f5 2. c4 Nf6 3. Nf3 g6 4. g3 Bg7 5. b4 O-O 6. Bb2 c6 7. a4 Ne4 8. Nbd2 d5 9. cxd5 cxd5 10. Qb3 Nc6 11. e3 Kh8 12. Bg2 Be6 13. O-O a5 14. b5 Nb8 15. Rac1 Nd7 16. Ba3 Bg8 17. Rc2 Bf6 18. Rfc1 Nb6 19. Bc5 Nc4 20. Ba3 Rc8 21. Nxc4 dxc4 22. Qb1 c3 23. Bf1 Qd5 24. Be2 Qb3 25. Qa1 b6 26. Ne1 Qe6 27. Bd1 Rc7 28. Ng2 Qd5 29. Nf4 Qb7 30. Bf3 g5 31. Nh5 Bd5 32. Nxf6 Nxf6 33. Be2 Bh1 34. Bf1 Ne4 35. Qa2 Bf3 36. Qe6 Nf6 37. Qe5 g4 38. d5 Kg7 39. Bd3 1-0

[Event "TCh-NED 2005-6"]
[Site "?"]
[Date "2005.09.24"]
[Round "1"]
[White "Delemarre Jop"]
[Black "Nieuwelink Kees"]
[Result "1-0"]
[WhiteElo "2433"]
[BlackElo "2213"]
[PlyCount "65"]
[EventDate "2005.??.??"]
[Source "www.chesslib.no"]
[SourceDate "2004.05.04"]

1. d4 f5 2. c4 Nf6 3. Nf3 g6 4. g3 Bg7 5. b4 O-O 6. Bb2 Qe8 7. Bg2 Nc6 8. Qb3 d6 9. d5 Nd8 10. Nc3 e5 11. dxe6 Nxe6 12. O-O Ng4 13. Rac1 Qf7 14. e3 Ne5 15. Nb5 Nd3 16. Qxd3 Bxb2 17. Rc2 Bf6 18. Nfd4 Nxd4 19. Nxd4 Kh8 20. b5 a6 21. a4 axb5 22. axb5 Ra5 23. c5 Rd8 24. cxd6 Rxd6 25. Qc3 b6 26. Qxc7 Qxc7 27. Rxc7 Bd7 28. Bc6 Bxc6 29. bxc6 Rc5 30. Ra1 Rd8 31. Raa7 Bxd4 32. exd4 Rxd4 33. Rd7 1-0

[Event "Hessen Ch"]
[Site "Doernigheim"]
[Date "1994.??.??"]
[Round "7"]
[White "Alber, Horst"]
[Black "Lutz, Klaus-Juergen"]
[Result "1-0"]
[WhiteElo "2340"]
[BlackElo "2300"]
[PlyCount "91"]
[EventDate "1994.??.??"]
[Source "www.chesslib.no"]
[SourceDate "2004.05.04"]

1. d4 f5 2. c4 Nf6 3. e3 d6 4. Nc3 g6 5. Bd3 Bg7 6. Nge2 O-O 7. b4 e5 8. O-O a5 9. bxa5 Nc6 10. a6 bxa6 11. Rb1 Bd7 12. Ba3 Re8 13. d5 Na5 14. c5 e4 15. c6 Bc8 16. Bc2 Nc4 17. Bc1 Ng4 18. h3 Nge5 19. Nd4 Qh4 20. Nce2 g5 21. Ng3 Rf8 22. Rb7 Rf7 23. Ne6 g4 24. Ba4 Nf3+ 25. gxf3 Bxe6 26. fxg4 Ne5 27. dxe6 Qxh3 28. exf7+ Kf8 29. f4 Qxg3+ 30. Kh1 Nf3 31. Rxf3 exf3 32. Qf1 fxg4 33. Rxc7 f2 34. Bd1 Qh4+ 35. Kg2 g3 36. Be2 Qh2+ 37. Kf3 Bf6 38. Ba3 Rd8 39. Rd7 Rxd7 40. cxd7 Qh5+ 41. Kg2 Qh2+ 42. Kf3 Kxf7 43. Bxd6 Qh5+ 44. Kxg3 Bh4+ 45. Kh3 Qh6 46. Bc4+ 1-0

[Event "Val Thorens"]
[Site "Val Thorens"]
[Date "1989.??.??"]
[Round "11"]
[White "Michaelsen, Nils"]
[Black "Olivier, Jean Christophe"]
[Result "0-1"]
[WhiteElo "2345"]
[BlackElo "2260"]
[PlyCount "98"]
[EventDate "1989.??.??"]
[Source "www.chesslib.no"]
[SourceDate "2004.05.04"]

1. d4 f5 2. c4 Nf6 3. Nf3 e6 4. g3 Bb4+ 5. Nbd2 b6 6. Bg2 Bb7 7. O-O O-O 8. a3 Be7 9. b4 Ne4 10. Nxe4 Bxe4 11. Bb2 Bf6 12. Qb3 Kh8 13. Rfe1 a5 14. b5 d6 15. Bf1 Nd7 16. Nd2 Bb7 17. e4 fxe4 18. Nxe4 Bxe4 19. Rxe4 e5 20. Bh3 exd4 21. Bxd7 Qxd7 22. Bxd4 Bxd4 23. Rxd4 Rae8 24. Qd3 Qf5 25. Qd2 Qe5 26. Rf1 Qe2 27. a4 Rf3 28. Qg5 Ref8 29. Rg4 g6 30. Qd5 Qb2 31. Qd4+ Qxd4 32. Rxd4 Re8 33. Rd2 Rc3 34. Rd4 Ra3 35. Rf4 Kg7 36. c5 bxc5 37. Rb1 Rd3 38. b6 cxb6 39. Rxb6 Re7 40. Ra6 d5 41. Rxa5 Rd1+ 42. Kg2 Rc7 43. Ra8 c4 44. Rff8 c3 45. Rfc8 Rxc8 46. Rxc8 d4 47. Kf3 Re1 48. a5 d3 49. a6 d2 0-1

[Event "Hofheim MVT"]
[Site "Hofheim"]
[Date "1995.??.??"]
[Round "10"]
[White "Alber, Horst"]
[Black "Lutz, Klaus Juergen"]
[Result "0-1"]
[WhiteElo "2295"]
[BlackElo "2310"]
[PlyCount "50"]
[EventDate "1995.??.??"]
[Source "www.chesslib.no"]
[SourceDate "2004.05.04"]

1. d4 f5 2. c4 Nf6 3. e3 d6 4. Nc3 e5 5. Nf3 Nc6 6. Be2 g6 7. b4 Bg7 8. b5 Ne7 9. dxe5 Ng4 10. O-O Nxe5 11. Nd4 g5 12. Qb3 O-O 13. c5+ d5 14. e4 Nf7 15. Ba3 Bxd4 16. Rad1 Bg7 17. exd5 Ng6 18. d6 c6 19. Bc4 Bd7 20. Nd5 cxd5 21. Bxd5 Rb8 22. Rb1 Qa5 23. Rfc1 Nge5 24. Bb2 a6 25. c6 bxc6 0-1

[Event "12th Goodricke Open, Calcutta IND"]
[Site "?"]
[Date "2001.??.??"]
[Round "1"]
[White "Murali Krishnan, B."]
[Black "Das, A."]
[Result "1-0"]
[WhiteElo "2350"]
[BlackElo "2245"]
[PlyCount "57"]
[EventDate "2001.??.??"]
[Source "www.chesslib.no"]
[SourceDate "2004.05.04"]

1. d4 f5 2. c4 Nf6 3. Nf3 g6 4. g3 Bg7 5. b4 O-O 6. Bb2 d6 7. Bg2 c6 8. O-O h6 9. Nbd2 Be6 10. a4 Bf7 11. Ne1 Nbd7 12. Nd3 Qc7 13. b5 e5 14. c5 e4 15. cxd6 Qxd6 16. Ne5 c5 17. Nxf7 Rxf7 18. Nc4 Qe6 19. Rc1 Nd5 20. Na5 Nb8 21. Qd2 b6 22. Nc4 Nd7 23. Rfd1 Rd8 24. e3 cxd4 25. Bxd4 Bxd4 26. Qxd4 Nc5 27. Ne5 Rff8 28. Nc6 Rd7 29. Qc4 1-0

[Event "Moscow RUS"]
[Site "?"]
[Date "2006.02.08"]
[Round "2"]
[White "Gorjachev Aleksandr"]
[Black "Dashko Andrey"]
[Result "0-1"]
[WhiteElo "2219"]
[BlackElo "2364"]
[PlyCount "40"]
[EventDate "2006.??.??"]
[Source "www.chesslib.no"]
[SourceDate "2004.05.04"]

1. d4 f5 2. c4 Nf6 3. Nf3 e6 4. g3 b6 5. Bg2 Bb7 6. O-O Be7 7. Nc3 O-O 8. b3 Qe8 9. Bb2 Qh5 10. d5 Na6 11. a3 Nc5 12. b4 Nce4 13. Nb5 c6 14. dxc6 Bxc6 15. Ne5 Rfd8 16. e3 Qh6 17. h4 g5 18. Nf3 gxh4 19. Nxh4 Ng4 20. Nf3 Nxe3 0-1

[Event "It (open)"]
[Site "Kowalewo Pomorskie (Poland) "]
[Date "2007.07.04"]
[Round "1"]
[White "Grabarczyk Miroslaw (POL)"]
[Black "Staroszczyk Mateusz (POL)"]
[Result "1-0"]
[WhiteElo "2482"]
[BlackElo "2050"]
[PlyCount "93"]
[EventDate "2007.??.??"]
[Source "www.chesslib.no"]
[SourceDate "2004.05.04"]

1. d4 f5 2. c4 Nf6 3. Nf3 e6 4. g3 Bb4+ 5. Bd2 Bxd2+ 6. Nbxd2 b6 7. Bg2 Bb7 8. O-O O-O 9. b4 Qe7 10. c5 Bd5 11. Qa4 Nc6 12. Rfc1 b5 13. Qxb5 Rfb8 14. Qd3 Nxb4 15. Qa3 a5 16. Nc4 Qe8 17. Nfe5 Bxg2 18. Kxg2 Qc8 19. Qf3 Qa6 20. Ne3 Qc8 21. h3 Qe8 22. a3 Nbd5 23. Nxd5 Nxd5 24. Rab1 d6 25. cxd6 cxd6 26. Nc4 Rxb1 27. Rxb1 Qc6 28. Nb6 Qb7 29. Nxd5 Qxb1 30. Ne7+ Kf7 31. Qxa8 Kxe7 32. Qxa5 Qe4+ 33. Kg1 Qb1+ 34. Kh2 Qf1 35. Qa7+ Kf6 36. d5 exd5 37. Qd4+ Ke6 38. Qe3+ Kd7 39. a4 Qa1 40. Qa7+ Kc6 41. Qa8+ Kc5 42. Qa5+ Kc4 43. Qb5+ Kd4 44. a5 Ke4 45. a6 Qf1 46. Qd3+ Ke5 47. Qe3+ 1-0

[Event "2nd ch-EUR Women, Warsaw POL"]
[Site "?"]
[Date "2001.??.??"]
[Round "4"]
[White "Fatalibekova, E."]
[Black "Kadziolka, B."]
[Result "1-0"]
[WhiteElo "2280"]
[BlackElo "2160"]
[PlyCount "51"]
[EventDate "2001.??.??"]
[Source "www.chesslib.no"]
[SourceDate "2004.05.04"]

1. d4 f5 2. c4 Nf6 3. e3 g6 4. Nc3 Bg7 5. Bd3 O-O 6. Nf3 d6 7. O-O Nc6 8. d5 Ne5 9. Nxe5 dxe5 10. e4 f4 11. f3 g5 12. Be2 h5 13. b3 e6 14. Ba3 Rf7 15. Qc2 Bf8 16. c5 exd5 17. exd5 Rg7 18. Bc4 Kh8 19. Rae1 c6 20. d6 b6 21. Rxe5 bxc5 22. Rd1 Bxd6 23. Ne4 Nd5 24. Nxd6 Qxd6 25. Re8+ Rg8 26. Bb2+ 1-0

[Event "HUN-chT29899"]
[Site "HUN"]
[Date "1999.??.??"]
[Round "?"]
[White "Szabo, Gergely"]
[Black "Hajdu, Istvan"]
[Result "1-0"]
[WhiteElo "2235"]
[BlackElo "2190"]
[PlyCount "67"]
[EventDate "1998.??.??"]
[Source "www.chesslib.no"]
[SourceDate "2004.05.04"]

1. d4 f5 2. c4 Nf6 3. Bg5 Ne4 4. Bf4 d6 5. f3 Nf6 6. Nc3 g6 7. e4 Bg7 8. Bd3 Nh5 9. Be3 f4 10. Bf2 e5 11. Nge2 O-O 12. d5 a5 13. a3 b6 14. b4 Bd7 15. c5 bxc5 16. bxc5 dxc5 17. Na4 Qg5 18. Rg1 Na6 19. Rb1 Qf6 20. Nec3 Rfb8 21. Rxb8+ Nxb8 22. Nxc5 Bf8 23. Qb3 Qb6 24. Qc4 Bxc5 25. Bxc5 Qf6 26. Qb3 Na6 27. Qb7 Nxc5 28. Qxa8+ Kg7 29. Kd2 Nxd3 30. Qxa5 Nb2 31. Qxc7 Kh6 32. Kc2 Qa6 33. Qxd7 Qxa3 34. Qb5 1-0

[Event "Peterhof RUS"]
[Site "?"]
[Date "2006.01.10"]
[Round "9"]
[White "Lupik Marina"]
[Black "Pogosian Vladimir"]
[Result "0-1"]
[WhiteElo "2226"]
[BlackElo "2187"]
[PlyCount "64"]
[EventDate "2006.??.??"]
[Source "www.chesslib.no"]
[SourceDate "2004.05.04"]

1. d4 f5 2. c4 Nf6 3. Bg5 Ne4 4. Bf4 e5 5. dxe5 Bc5 6. Nh3 g5 7. Bd2 g4 8. e3 Nc6 9. Nf4 Nxe5 10. Nc3 Nxd2 11. Qxd2 d6 12. Na4 Bb6 13. Be2 Bd7 14. Nxb6 axb6 15. Qd5 Qe7 16. Qd4 Bc6 17. Nd5 Qf7 18. h3 h5 19. hxg4 fxg4 20. Nf4 Bd7 21. Qd5 Bc6 22. Qd4 O-O-O 23. O-O-O Kb8 24. Rh4 Bxg2 25. Nxg2 Qxf2 26. Bxg4 hxg4 27. Rxh8 Rxh8 28. Qd5 Rh2 29. Rd2 Qf1+ 30. Kc2 Qxc4+ 31. Qxc4 Nxc4 32. Re2 Rxg2 0-1

[Event "Czech Republic"]
[Site "?"]
[Date "2003.??.??"]
[Round "5"]
[White "Garlik Michal"]
[Black "Vrana Frantisek"]
[Result "1-0"]
[WhiteElo "2139"]
[BlackElo "2271"]
[PlyCount "57"]
[EventDate "2003.??.??"]
[Source "www.chesslib.no"]
[SourceDate "2004.05.04"]

1. d4 f5 2. c4 Nf6 3. Nf3 g6 4. g3 Bg7 5. b4 c6 6. Bg2 a5 7. b5 cxb5 8. cxb5 a4 9. O-O Ne4 10. Qd3 Qb6 11. Nc3 Nxc3 12. Qxc3 O-O 13. Ba3 d6 14. Qc4+ Kh8 15. Ng5 Bxd4 16. Ne6 Bxe6 17. Qxe6 Bf6 18. Rab1 Ra5 19. Rfc1 Rxb5 20. Rxb5 Qxb5 21. Rc8 Nd7 22. Rxf8+ Nxf8 23. Qf7 Bg7 24. Bd5 e6 25. Bxb7 Qxe2 26. Kg2 Qd3 27. Bb2 e5 28. Bd5 Ne6 29. Qxe6 1-0

[Event "Mind Sports Games - Blitz Pair"]
[Site "Pechino CINA"]
[Date "2008.10.08"]
[Round "6"]
[White "Ozturk, Ku"]
[Black "Hoang Thi Nhu Y"]
[Result "0-1"]
[WhiteElo "2254"]
[BlackElo "2127"]
[PlyCount "104"]
[EventDate "2008.10.08"]
[Source "www.chesslib.no"]
[SourceDate "2004.05.04"]

1. d4 f5 2. c4 Nf6 3. Nf3 b6 4. g3 Bb7 5. Bg2 e6 6. O-O Be7 7. Nc3 Ne4 8. Qc2 Nxc3 9. Qxc3 Bf6 10. h4 h6 11. Ne5 Bxg2 12. Kxg2 O-O 13. Qf3 d5 14. cxd5 Qxd5 15. Qxd5 exd5 16. Ng6 Re8 17. Be3 c5 18. dxc5 d4 19. cxb6 axb6 20. Bf4 Rxe2 21. Rfe1 Rxe1 22. Rxe1 Nd7 23. a3 Kf7 24. h5 Rc8 25. Re2 Nc5 26. Ne5+ Kg8 27. Nc4 Rc6 28. Nd6 Nb3 29. Re8+ Kh7 30. Nf7 g5 31. hxg6+ Kxg6 32. Nd6 d3 33. Rg8+ Kh7 34. Rf8 Bg7 35. Rd8 Bxb2 36. Nxf5 d2 37. Bxd2 Nxd2 38. Rxd2 Bxa3 39. Rd7+ Kg6 40. Nd4 Rd6 41. Rxd6+ Bxd6 42. Nb5 Bb8 43. Kf3 h5 44. Ke4 Kg5 45. Nd4 Kg4 46. Ne2 Bc7 47. Nd4 Bd6 48. Nf5 Bc5 49. Nh6+ Kg5 50. Nf7+ Kf6 51. Ne5 Bxf2 52. Kf3 Kxe5 0-1

[Event "Independence Cup"]
[Site "?"]
[Date "2003.08.19"]
[Round "7"]
[White "Dziadyk Pavel"]
[Black "Iaresko Aleksander"]
[Result "1-0"]
[WhiteElo "2261"]
[BlackElo "2106"]
[PlyCount "103"]
[EventDate "2003.??.??"]
[Source "www.chesslib.no"]
[SourceDate "2004.05.04"]

1. d4 f5 2. c4 Nf6 3. Nf3 e6 4. Qc2 Bb4+ 5. Bd2 Bxd2+ 6. Nbxd2 O-O 7. e4 fxe4 8. Nxe4 Nxe4 9. Qxe4 d5 10. Qe3 Nc6 11. a3 Qf6 12. Bd3 Qf4 13. O-O Qxe3 14. fxe3 Bd7 15. b4 Rae8 16. Rac1 Rc8 17. Rc3 Ne7 18. Re1 c6 19. e4 Rce8 20. Bc2 a6 21. Rce3 dxc4 22. Ne5 Bc8 23. Nxc4 Rd8 24. Rd1 Ng6 25. Bb3 Kf7 26. g3 Ke8 27. h4 Rf6 28. Kg2 Ke7 29. Red3 Rdf8 30. R1d2 Rd8 31. Ne3 Nf8 32. Ng4 Rf7 33. Nh2 Ng6 34. Nf3 Nf8 35. Rd1 Rf6 36. Kf2 Nd7 37. Kg2 h6 38. Rc3 Rdf8 39. Rd2 Nb6 40. a4 Bd7 41. Bd1 Rc8 42. h5 Rcf8 43. Ne5 Rc8 44. a5 Na8 45. Bg4 Nc7 46. Nxd7 Kxd7 47. d5 cxd5 48. exd5 Nxd5 49. Rxd5+ Ke7 50. Rxc8 exd5 51. Rc7+ Kd6 52. Rxb7 1-0

[Event "Ch SCG (team) women"]
[Site "?"]
[Date "2005.05.16"]
[Round "2"]
[White "Benderac Ana"]
[Black "Boskovic Malina"]
[Result "1-0"]
[WhiteElo "2287"]
[BlackElo "2077"]
[PlyCount "81"]
[EventDate "2005.??.??"]
[Source "www.chesslib.no"]
[SourceDate "2004.05.04"]

1. d4 f5 2. c4 Nf6 3. e3 e6 4. Bd3 c6 5. Ne2 Bb4+ 6. Bd2 Be7 7. Nbc3 O-O 8. Qc2 d5 9. f3 Na6 10. a3 g6 11. cxd5 cxd5 12. b4 Bd7 13. O-O Bd6 14. Qb3 Nc7 15. b5 Nh5 16. e4 Rf7 17. e5 Bf8 18. Rac1 Rc8 19. a4 Ne8 20. f4 Bh6 21. h3 Nhg7 22. Rf2 g5 23. Rcf1 gxf4 24. Bxf4 Bg5 25. Kh2 h5 26. g3 h4 27. Rg2 Kh8 28. gxh4 Bxf4+ 29. Nxf4 Kh7 30. Rg5 Qa5 31. Nce2 a6 32. Rfg1 Kh8 33. Rg6 Kh7 34. Bb1 Rc4 35. Qf3 Qd2 36. R6g2 Rxa4 37. Qg3 Kg8 38. h5 Bxb5 39. h6 Bxe2 40. Qh4 Rc7 41. h7+ 1-0

[Event "Winter Open"]
[Site "Belgrade SRB"]
[Date "2008.01.24"]
[Round "3"]
[White "Lorens Ristovic, L."]
[Black "Brujic, B."]
[Result "0-1"]
[WhiteElo "2103"]
[BlackElo "2242"]
[PlyCount "148"]
[EventDate "2008.01.22"]
[Source "www.chesslib.no"]
[SourceDate "2004.05.04"]

1. d4 f5 2. c4 Nf6 3. Nf3 e6 4. g3 d5 5. cxd5 exd5 6. Bg2 Bd6 7. O-O Nbd7 8. Nc3 c6 9. Bf4 Qe7 10. Bxd6 Qxd6 11. e3 O-O 12. Ne1 Re8 13. Nd3 Ne4 14. Re1 Qh6 15. Qc1 Ndf6 16. Ne5 Rxe5 17. dxe5 Ng4 18. h3 Ngxf2 19. Nxe4 Nd3 20. Nf6+ gxf6 21. Qc3 Nxe1 22. Rxe1 fxe5 23. Qxe5 Qg7 24. Qe8+ Qf8 25. Qe5 Bd7 26. Qc7 Qc8 27. Qf4 Qe8 28. Kh2 Qf7 29. b4 a6 30. a4 Re8 31. Rd1 Qe7 32. Rd3 Qe5 33. Qg5+ Kh8 34. b5 axb5 35. axb5 Ra8 36. Rd4 Rg8 37. Qh4 Be6 38. bxc6 bxc6 39. Rd3 Qg7 40. Ra3 Rc8 41. Ra6 Bg8 42. Qf4 Be6 43. h4 Kg8 44. Qd6 Qd7 45. Qc5 Bf7 46. Bh3 Qe6 47. Bg2 Be8 48. Ra7 Rb8 49. Rc7 Qg6 50. Qc3 Ra8 51. Qb2 Rd8 52. Qc3 Bd7 53. Ra7 Qg7 54. Qa5 Qf6 55. Qc7 Kf8 56. Bh3 Ke7 57. Qf4 Ke8 58. Rb7 Ra8 59. Qc7 Qe6 60. Bg2 Ke7 61. Qf4 Rf8 62. Bh3 Qf6 63. Qb4+ Qd6 64. Qd4 Rg8 65. Qf4 Qxf4 66. gxf4 Kd6 67. Ra7 Re8 68. Ra3 c5 69. Kg3 c4 70. Kf2 Kc5 71. Ra7 Kc6 72. Ra6+ Kc5 73. Rh6 c3 74. Bf1 c2 0-1